Sports Quiz

Random Sports or Football Quiz
Score 0/20 Timer 10:00
0 Plays Today
Year of Enshrinement Player % Correct
1989Terry Bradshaw
98.1%
2001Lynn Swann
94.1%
1987Joe Greene
92.4%
1990Franco Harris
92.2%
1990Jack Lambert
91.2%
2002John Stallworth
90.3%
1988Jack Ham
87.8%
1989Mel Blount
81.6%
2009Rod Woodson
77.4%
1997Mike Webster
76.5%
Year of Enshrinement Player % Correct
1964Art Rooney
69.9%
2000Dan Rooney
69.7%
1993Chuck Noll
64.2%
1969Ernie Stautner
38.7%
1987John Henry Johnson
34.4%
1967Bobby Layne
30.4%
1966Bill Dudley
19.4%
1963Johnny 'Blood' McNally
14.9%
1963Bert Bell
12.1%
1966Walt Kiesling
10.1%
Remove Ads.
Support Sporcle.
Get the best of Sporcle when you Go Orange. This ad-free experience offers more features, more stats, and more fun while also helping to support Sporcle. Thank you for becoming a member.

You're not logged in!

Compare scores with friends on all Sporcle quizzes.
OR
Log In

Show Comments

Extras

Top Quizzes Today


Score Distribution

Your Account Isn't Verified!

In order to create a playlist on Sporcle, you need to verify the email address you used during registration. Go to your Sporcle Settings to finish the process.

Report this User

Report this user for behavior that violates our Community Guidelines.

Details: